书目信息 |
| 题名: |
第二种生存
|
|
| 作者: | 王志刚 编著 | |
| 分册: | ||
| 出版信息: | 北京 中国华侨出版社 2005 |
|
| 页数: | 14,283页 | |
| 开本: | 23cm | |
| 丛书名: | ||
| 单 册: | ||
| 中图分类: | B086-49 | |
| 科图分类: | ||
| 主题词: | 生存--哲学--通俗读物 | |
| 电子资源: | ||
| ISBN: | 7-80120-984-2 | |
| 000 | 01127nam0 2200313 450 | |
| 000 | 01090nam0 2200301 450 | |
| 000 | 01060nam0 2200301 450 | |
| 000 | 01006nam0 2200277 450 | |
| 000 | 01002nam0 2200265 450 | |
| 000 | 00965nam0 2200253 45 | |
| 001 | TS2006029930 | |
| 005 | 20061226152350.12 | |
| 010 | @a7-80120-984-2@dCNY26.80 | |
| 100 | @a20060829d2005 ekmy0chiy0120 ea | |
| 101 | 0 | @achi |
| 102 | @aCN@b110000 | |
| 105 | @aa z 000yy | |
| 200 | 1 | @a第二种生存@ADi Er Zhong Sheng Cun@e学习动物的生存智慧@EXue Xi Dong Wu De Sheng Cun Zhi Hui@f王志刚编著@FWang Zhi Gang Bian Zhu |
| 210 | @a北京@c中国华侨出版社@d2005 | |
| 215 | @a14,283页@c图@d23cm | |
| 330 | @a本书以生动的故事,分8个部分阐述人类向动物学习的生存智慧,突出第二种生存的必要性。 | |
| 517 | 1 | @a学习动物的生存智慧@AXue Xi Dong Wu De Sheng Cun Zhi Hui |
| 606 | 0 | @a生存@x哲学@x通俗读物 |
| 690 | @aB086-49@v4 | |
| 701 | 0 | @a王志刚@AWang Zhi Gang@4编著 |
| 801 | 0 | @aCN@b中图数据@c20061226 |
| 905 | @a10447@dB086-49@e35 | |
| 第二种生存:学习动物的生存智慧/王志刚编著.-北京:中国华侨出版社,2005 |
| 14,283页:图;23cm |
| ISBN 7-80120-984-2:CNY26.80 |
| 本书以生动的故事,分8个部分阐述人类向动物学习的生存智慧,突出第二种生存的必要性。 |
| ● |
| 相关链接 |
|
|
|
|
正题名:第二种生存
索取号:B086-49/35
 
预约/预借
| 序号 | 登录号 | 条形码 | 馆藏地/架位号 | 状态 | 备注 |
| 1 | 0602648 | 206026487 | 第一样本阅览室/ [索取号:B086-49/35] | 在馆 | |
| 2 | 0602649 | 206026496 | 第一借阅区/ [索取号:B086-49/35] | 在馆 | |
| 3 | 0602650 | 206026502 | 第一借阅区/ [索取号:B086-49/35] | 在馆 |